Focus sur: Wihelmina Gobe-Planche - Harry Potter - Statistiques

Statistiques générales
  • Ce quiz a été pris 79 fois
  • Le résultat moyen est 4 sur 5
Statistiques - réponses
Informations recherchées Réponses % Correct
Ecole fréquentée Poudlard
98%
Couleur des cheveux Gris
89%
Première mention Harry Potter et la Coupe de Feu
89%
Profession Professeure de Soins aux créatures magiques
88%
Actrice l'interprétant dans les films Apple Brook
17%
Aucun quiz correspondant
Distribution des résultats
% des personnes avec chaque résultat
Percentile par nombre de réponses
Votre historique - résultats
Vous n’avez pas pris ce quiz